000 00706nam a2200229 i 4500
001 58358
003 ES-MaACL
005 20230906163804.0
007 t|
008 031022s1976 sp ||||1| spa d
100 1 _aDuval, Pierre.
_946379
245 1 3 _aLa ciencia ante lo extraño /
_cPierre Duval ; prólogo de Remy Chauvin ; [traducción de Alvaro Castillo].
250 _a[2ª ed.].
260 _a[Esplugas de Llobregat] :
_bPlaza & Janés,
_c[1976]
300 _a256 p., 4 lám. ;
_c23 cm.
490 1 _aOtros mundos
700 1 _aChauvin, Remy.
_938230
700 1 _aCastillo, Alvaro.
_936671
830 0 _aOtros mundos
_9181412
852 _aES-MaACL
_jA-6696
_bR.95353
999 _c58358
_d58358